African Books in Print=Livres Africains Disponibles/ (Record no. 100628)

MARC details
000 -LEADER
fixed length control field 00730nam a2200241 a 4500
008 - FIXED-LENGTH DATA ELEMENTS--GENERAL INFORMATION
fixed length control field
020 ## - INTERNATIONAL STANDARD BOOK NUMBER
International Standard Book Number 1873836961 (hbk.)
049 ## - LOCAL HOLDINGS (OCLC)
Holding library MAIN
090 ## - LOCALLY ASSIGNED LC-TYPE CALL NUMBER (OCLC); LOCAL CALL NUMBER (RLIN)
Classification number (OCLC) (R) ; Classification number, CALL (RLIN) (NR) REFZ3501 AFR
003 - CONTROL NUMBER IDENTIFIER
control field
005 - DATE AND TIME OF LATEST TRANSACTION
control field 20230120191416.0
040 ## - CATALOGING SOURCE
Transcribing agency NUST
245 10 - TITLE STATEMENT
Title African Books in Print=Livres Africains Disponibles/
Statement of responsibility, etc. edited by Hans M. Zell
250 ## - EDITION STATEMENT
Edition statement 5th. ed.
260 ## - PUBLICATION, DISTRIBUTION, ETC.
Place of publication, distribution, etc. London :
Name of publisher, distributor, etc. Bowker-Saur,
Date of publication, distribution, etc. 2000
300 ## - PHYSICAL DESCRIPTION
Extent v, 2250 p. ;
Dimensions 30 cm.
505 ## - FORMATTED CONTENTS NOTE
Formatted contents note Vol. 1-Subject index.
Title vol. 2 -Author and Title index.
500 ## - GENERAL NOTE
General note Includes Author,Subject and Titles index.
650 #1 - SUBJECT ADDED ENTRY--TOPICAL TERM
Topical term or geographic name entry element Bibliogrphy
700 ## - ADDED ENTRY--PERSONAL NAME
Personal name Lomer,Cecile
907 ## - LOCAL DATA ELEMENT G, LDG (RLIN)
a .b1021656x
b 09-10-06
c 06-10-06
942 ## - ADDED ENTRY ELEMENTS (KOHA)
Koha item type Ordinary Loan Books
Call number prefix REFZ3501 AFR
Holdings
Date last seen Total Checkouts Full call number Barcode Cost, replacement price Price effective from Koha item type Lost status Source of classification or shelving scheme Damaged status Not for loan Collection Withdrawn status Home library Current library Shelving location Date acquired Cost, normal purchase price
01/20/2023   REFZ3501 AFR 92004004342 80.00 01/20/2023 REF   LCC     NFIC   MAIN MAIN GEN 01/20/2023 80.00